000 00353nam a2200157Ia 4500
003 OSt
005 20240209105316.0
008 170524s9999 xx 000 0 und d
020 _a978-0199609703
040 _cIIMT UNIVERSITY
100 _aLEE KEIFER
100 _c2012
245 0 _aGLOBAL MARKETING MANAGEMENT
260 _aOXFORD
942 _2ddc
_c01
999 _c2752
_d2752